| 000 | 01095nam a22002537a 4500 | ||
|---|---|---|---|
| 005 | 20170123164159.0 | ||
| 010 | _aB-124295 | ||
| 020 |
_c150.00 _a8171433847 |
||
| 035 | _aB-124295 | ||
| 037 | _aCen Lib / Ret | ||
| 040 |
_aDPL _bPN |
||
| 082 |
_a853.08 _bਕੁਲਬੀ |
||
| 100 |
_aਕੁਲਬੀਰ ਸਿੰਘ ਕਾੰਗ _9142851 |
||
| 245 |
_aਪੰਜਾਬੀ ਨਾਵਲ ਤੇ ਨਾਵਲਕਾਰ / _cਕੁਲਬੀਰ ਸਿੰਘ ਕਾੰਗ |
||
| 246 |
_aPunjabi novel te novelkar : a collection of essays on punjabi novel / _bby Kulbir SIngh Kaang |
||
| 260 |
_aਰਵੀ ਸਾਹਿਤ ਪ੍ਰਕਾਸ਼ਨ _bਅੰਮ੍ਰਿਤਸਰ _c2005 |
||
| 270 |
_aਹਾਲ ਬਾਜ਼ਾਰ _bਅਮਿ੍ਤਸਰ _e143006 |
||
| 300 |
_a152p. _c23cm(Hb) |
||
| 650 |
_a ਪੰਜਾਬੀ ਸਾਹਿਤ-ਨਾਵਲ ਲਿਖਤ _97639 |
||
| 650 |
_a ਪੰਜਾਬੀ ਸਾਹਿਤ _9142852 |
||
| 650 |
_aPunjabi Literature-Novel writing _97640 |
||
| 650 |
_aPunjabi Literature _9142853 |
||
| 942 |
_2ddc _cPN _h853.08 _mਕੁਲਬੀ |
||
| 999 |
_c110909 _d110909 |
||